00287nam a22001097a 4500041001200000082001600012100003700028245003400065260005300099300000700152650001800159 aEnglish a220.520 SAT aSt. Andrew's Theological College aThe Bible in the 21st Century aTrinidadbSt. Andrew's Theological Collegec2012 a64 aBible-English